Statistics for YouTube Music Videos With At Least One Billion Views

Click here to take the quiz!

General Stats

  • This quiz has been taken 67 times
  • The average score is 13 of 21

Answer Stats

ArtistViewsAnswer% Correct
Adele1.455 BHello
95%
Psy2.558 BGangnam Style
89%
Justin Bieber1.355 BBaby
82%
Katy Perry1.344 BRoar
77%
Wiz Khalifa1.662 BSee You Again
77%
Mark Ronson1.532 BUptown Funk
74%
Taylor Swift1.424 BShake It Off
69%
Justin Bieber1.260 BSorry
66%
Shakira1.069 BWaka Waka (This Time For Africa)
64%
Sia1.239 BChandelier
62%
Taylor Swift1.566 BBlank Space
61%
Maroon 51.201 BSugar
61%
One Republic1.222 BCounting Stars
59%
Meghan Trainor1.344 BAll About That Bass
59%
LMFAO1.072 BParty Rock Anthem
57%
Major Lazer and DJ Snake1.303 BLean On
54%
Eminem ft. Rihanna1.057 BLove The Way You Lie
54%
Katy Perry1.367 BDark Horse
52%
Enrique Igleasias1.374 BBailando
49%
Ellie Goulding1.075 BLove Me Like You Do
43%
Ed Sheeran1.063 BThinking Out Loud
41%

Score Distribution

Percentile by Number Answered

Percent of People with Each Score

Your Score History

You have not taken this quiz